Misère de l'economie politique

Guardat en:
Dades bibliogràfiques
Autor principal: Colombat, Armand (Autor)
Format: Llibre
Idioma:francès
Publicat: París Marcel Rivière 1958
Col·lecció:Bibliothèque des Sciences Politiques et Sociales
Matèries:
Etiquetes: Afegir etiqueta
Sense etiquetes, Sigues el primer a etiquetar aquest registre!

MARC

LEADER 00000nam a2200000 a 4500
001 UCR7876
003 CL-VaPUC
008 980519e19580000FR |||||||||||||||||fre|d
082 0 4 |a 330  |b COL  |2 21 
100 0 |a Colombat, Armand  |e author  |9 409391 
245 1 0 |a Misère de l'economie politique 
300 |a 222 p 
942 |c BK 
945 |d 19980519 00:00:00  |a crobeson 
260 |a París  |b Marcel Rivière  |c 1958 
650 0 |a Economía   |9 255568 
650 0 |a Economía política  |9 255814 
650 0 |a Teoría económica  |9 315055 
650 7 |a SISTEMAS ECONOMICOS  |2 CL-VaPUC  |9 409392 
650 7 |a MARXISMO  |2 CL-VaPUC  |9 409393 
650 7 |a ESCUELAS DE PENSAMIENTO ECONOMICO  |2 CL-VaPUC  |9 409394 
650 0 |a Economía matemática  |9 270388 
650 7 |a ECONOMIA PSICOLOGICA  |2 CL-VaPUC  |9 409395 
650 7 |a ECONOMIA SOCIOLOGICA  |2 CL-VaPUC  |9 409396 
583 |a last modification  |c 19980519 00:00:00  |k Rodrigo Vera 
490 0 |a Bibliothèque des Sciences Politiques et Sociales 
999 |c 269455  |d 269453